| 000 | 00356nam a2200145Ia 4500 | ||
|---|---|---|---|
| 008 | 240624s9999 xx 000 0 und d | ||
| 041 | _aeng | ||
| 082 | _a330 GAN | ||
| 100 | _aGANS JOSHUA | ||
| 245 | _aPRINCIPLES OF ECONOMICS | ||
| 250 | _a(5th ed.) | ||
| 260 |
_c2012 _aNew Delhi _bCengage Learning |
||
| 300 | _axl, 915 p.; 25 cm. | ||
| 365 |
_cBPS _b26 |
||
| 999 |
_c29973 _d29973 |
||